Score 0/69 Timer 07:00
0 Plays Today
Hint 4-Letter Word % Correct
★ UNITED - -DOM ★KING
93.1%
Shopping complexMALL
93.1%
Bend joint (esp. to show muscle)FLEX
92.8%
Golf ball holdersTEES
92.3%
Itemized grocery memoLIST
91.8%
Jeopardy! host Trebek ALEX
91.7%
EscapedFLED
91.7%
Bird representing peaceDOVE
91.5%
Payments for servicesFEES
91.4%
Serve nutritionFEED
91.3%
Large farm building BARN
91.3%
Generous and considerateKIND
90.5%
Natural movement of airWIND
90.3%
Place where money is coinedMINT
90.2%
Cloud of tiny water droplets MIST
90%
Rounded stadium roofDOME
89.7%
★ ST. VIN- - AND . . . ★CENT
89.3%
Wedding bandRING
89.2%
Animal fat used for cookingLARD
87.7%
★ P- -TINE ★ALES
87.3%
★ UNITED -ES ★STAT
87.2%
★ BAN- -ESH ★GLAD
86.7%
RippedTORE
86.4%
Shut suddenly with forceSLAM
86.4%
★ SO- -A ★MALI
86%
Large mound of sandDUNE
85.9%
Connery, Penn, or Astin, e.g.SEAN
85.7%
Uncover and expose to viewBARE
85.7%
Drill a holeBORE
85.5%
'That's life!' (___ la vie)C'EST
85.5%
★ MARS- - ISLANDS ★HALL
85.5%
★ SÃO - - AND PRÍNCIPE ★TOMÉ
84.8%
Feudal masterLORD
84.7%
★ BOT- -A ★SWAN
83.9%
Speaks, pronouncesSAYS
83.7%
Hint 4-Letter Word % Correct
★ DO- -CA ★MINI
83.6%
★ LIECH- -TEIN ★TENS
83.6%
★ UK- -E ★RAIN
83.5%
Rock style of Bowie and T. RexGLAM
83%
★ SEYC- -ES ★HELL
82.4%
★ TIMOR - -E ★LEST
82.4%
Scorch surfaceSEAR
81.9%
Venetian blind componentSLAT
81.5%
End the life of a flySWAT
81.3%
★ AR- -INA ★GENT
81%
★ T- -AND ★HAIL
80.6%
With pell-, rushed and disorderly MELL
80.6%
★ R- -A ★WAND
80.5%
Cargo, freightLOAD
80.4%
★ ST. KITT- - NEVIS ★SAND
80.3%
WithoutSANS
80.2%
Word ladder part (this is #45)RUNG
80.2%
★ PHILIP- -S ★PINE
80%
★ CO- -ICA ★STAR
79.5%
★ . . .THE GRENA- -S ★DINE
78.7%
★ S- -NIA ★LOVE
78.7%
★ MA- -IA ★LAYS
78.4%
Mitt Romney's Capital companyBAIN
78%
Gnostic prophet of Iranian originMANI
77.5%
Metallica drummer UlrichLARS
76.8%
★ B- -I ★RUNE
76.3%
John Reid as RangerLONE
76.3%
Pointed cattle-driving stickGOAD
76%
Unleavened cornbreadPONE
74.5%
Complain or protest strongly RAIL
74.3%
Roman patrilineal clan GENS
71.6%
Taxonomic class known as birdsAVES
64.4%
Allege as fact AVER
56.4%
★ CAB- -DE ★OVER
49.6%

Today's Daily Dose

Remove Ads.
Support Sporcle.
Get the best of Sporcle when you Go Orange. This ad-free experience offers more features, more stats, and more fun while also helping to support Sporcle. Thank you for becoming a member.

You're not logged in!

Compare scores with friends on all Sporcle quizzes.
OR
Log In

Show Comments

Extras

Top Quizzes Today


Score Distribution

Your Account Isn't Verified!

In order to create a playlist on Sporcle, you need to verify the email address you used during registration. Go to your Sporcle Settings to finish the process.

Report this User

Report this user for behavior that violates our Community Guidelines.

Details: